La aparición de lo invisible
Enregistré dans:
| Auteur principal: | |
|---|---|
| Format: | Livre |
| Langue: | espagnol |
| Publié: |
Ciudad de México
Siglo XXI Editores S. A
1968
|
| Édition: | 1a. ed |
| Sujets: | |
| Tags: |
Ajouter un tag
Pas de tags, Soyez le premier à ajouter un tag!
|
MARC
| LEADER | 00000cam a2200000 a 4500 | ||
|---|---|---|---|
| 001 | UCE2071 | ||
| 003 | CL-VaPUC | ||
| 008 | 140605e19680000mx |||||||||||||||||spa|d | ||
| 082 | 0 | 4 | |a 700.1 |b GAR |2 21 |
| 100 | |a García Ponce, Juan |e author |9 574546 | ||
| 245 | 1 | 3 | |a La aparición de lo invisible |
| 250 | |a 1a. ed | ||
| 300 | |a 218 p | ||
| 942 | |c BK | ||
| 945 | |d 20140605 14:22:00 |a dcastane | ||
| 260 | |a Ciudad de México |b Siglo XXI Editores S. A |c 1968 | ||
| 650 | 0 | |a Historia del arte |9 314877 | |
| 650 | 0 | |a Crítica de arte |9 334590 | |
| 650 | 7 | |a ENSAYOS CRITICOS |2 CL-VaPUC |9 574547 | |
| 583 | |a last modification |c 20140605 14:22:00 |k Rodrigo Vera | ||
| 999 | |c 355746 |d 355744 | ||
| 952 | |0 0 |1 0 |3 erb |4 0 |6 700_100000000000000_GAR_1968 |7 0 |8 A |9 462582 |a BIBART |b BIBART |i 5056403 |o 700.1 GAR 1968 |p 5056403 |r 2025-03-13 |w 2019-11-23 |y BK |z Catalogado en:20140605 |k ART | ||